ბათუმის შოთა რუსთაველის სახელმწიფო უნივერსიტეტის ბიბლიოთეკა

Теплообменные, сушильные и холодильные установки.(Тепломасообменные и холодильные установки). (ბიბ.ჩანაწერი № 38252)

000 -LEADER
fixed length control field 00788nam a2200229Ia 4500
001 - CONTROL NUMBER
control field 4242
003 - CONTROL NUMBER IDENTIFIER
control field GE_BSU
008 - FIXED-LENGTH DATA ELEMENTS--GENERAL INFORMATION
fixed length control field 181216s||||||||xx |||||||||||||| ||und||
040 ## - CATALOGING SOURCE
Transcribing agency GE_BSU
080 ## - UNIVERSAL DECIMAL CLASSIFICATION NUMBER
Universal Decimal Classification number 621.565(075.8)
100 ## - MAIN ENTRY--PERSONAL NAME
Personal name Лебедев,П.Д.
245 ## - TITLE STATEMENT
Title Теплообменные, сушильные и холодильные установки.(Тепломасообменные и холодильные установки).
245 ## - TITLE STATEMENT
Remainder of title Учебник.
245 ## - TITLE STATEMENT
Statement of responsibility, etc. Ред. В.А.Ефимов.
250 ## - EDITION STATEMENT
Edition statement Изд. 2-е, перераб.
260 ## - PUBLICATION, DISTRIBUTION, ETC.
Place of publication, distribution, etc. М.
260 ## - PUBLICATION, DISTRIBUTION, ETC.
Name of publisher, distributor, etc. Энергия.
260 ## - PUBLICATION, DISTRIBUTION, ETC.
Date of publication, distribution, etc. 1972.
300 ## - PHYSICAL DESCRIPTION
Extent 320 стр. 26 см.
653 ## - INDEX TERM--UNCONTROLLED
Uncontrolled term Теплообменные, сушильные и холодильные установки.
942 ## - ADDED ENTRY ELEMENTS (KOHA)
Koha item type წიგნი
ეგზემპლარები
Withdrawn status Lost status Damaged status Not for loan Date acquired Barcode Date last seen Price effective from Koha item type Public note
        2018-12-17 9469 2018-12-17 2018-12-17 წიგნი საცავი